| 000 | 00584nam a2200205 i 4500 | ||
|---|---|---|---|
| 001 | 130996 | ||
| 003 | ES-MaACL | ||
| 005 | 20250814083538.0 | ||
| 007 | t| | ||
| 008 | 070214s1971 sp r ||||1| spa d | ||
| 100 | 1 |
_aRocha, Glauber. _998047 |
|
| 245 | 1 | 0 |
_aRevisión crítica del cine brasileño / _cGlauber Rocha. |
| 260 |
_aMadrid : _bFundamentos, _c1971. |
||
| 300 |
_a174 p. ; _c20 cm. |
||
| 490 | 1 |
_aArte. _aSerie cine ; _v4 |
|
| 650 | 4 |
_aCine- _zBrasil. _9171065 |
|
| 830 | 1 |
_aArte. _aCine _v4 _9182700 |
|
| 852 |
_aES-MaACL _jC-51129 |
||
| 999 |
_c130996 _d130996 |
||